000
00260nam a2200109 a 4500
005
20200930080039.0
008
120207s1958 000 spa d
020
_a
9221057828
245
0
_a
Freedom of association.
260
_a
Geneva,
_c
1958.
999
_c
36447
_d
36447
040
_a
DO-SdBNP